000 00260nam a22001217a 4500
003 SGT
082 _a347.05
_bSAR
100 _aSARKAR ,SUDIPTO
245 _aCODE OF CIVIL PROCEDURE
260 _aNAGPUR
_bWADHWA
_c2006
300 _aCCVII, 1571
942 _2ddc
_cBK
999 _c25075
_d25075